| Tag |
First Indicator |
Second Indicator |
Subfields |
| LEADER |
00000cam a2200000 4500 |
| 001 |
in00000098876 |
| 005 |
20150926125534.0 |
| 008 |
751107s1968 nyua 00000 eng |
| 010 |
|
|
|a 67028565
|
| 035 |
|
|
|a (OCoLC)01817100
|
| 035 |
|
|
|9 AAL3553AM
|
| 040 |
|
|
|a DLC
|c TNH
|d TXA
|d UtOrBLW
|
| 049 |
|
|
|a TXAM
|c [528399]
|
| 050 |
0 |
0 |
|a TL681.A5
|b E2
|
| 082 |
0 |
|
|a 629.134/42
|
| 100 |
1 |
|
|a Ebeling, Alvin.
|
| 245 |
1 |
0 |
|a Fundamentals of aircraft environmental control.
|
| 264 |
|
1 |
|a New York :
|b Hayden Book Co.,
|c [1968]
|
| 300 |
|
|
|a 119 pages :
|b illustrations ;
|c 24 cm.
|
| 336 |
|
|
|a text
|b txt
|2 rdacontent
|
| 337 |
|
|
|a unmediated
|b n
|2 rdamedia
|
| 338 |
|
|
|a volume
|b nc
|2 rdacarrier
|
| 490 |
1 |
|
|a Hayden series in aeronautical technology
|
| 650 |
|
0 |
|a Airplanes
|x Air conditioning.
|
| 650 |
|
0 |
|a Airplanes
|x Pressurization.
|
| 650 |
|
0 |
|a Airplanes
|x Heating and ventilation.
|
| 830 |
|
0 |
|a Hayden series in aeronautical technology.
|
| 999 |
|
|
|a MARS
|
| 999 |
f |
f |
|s 12f33f5a-82ae-323e-928f-a6d465400d81
|i dd9036cc-2e55-3ab6-8046-7de221066786
|t 0
|
| 952 |
f |
f |
|p ric
|a Texas A&M University
|b Rellis Campus
|c Joint Library Facility
|d Remote Storage
|t 0
|e TL681.A5 E2
|h Library of Congress classification
|i unmediated -- volume
|m A14805547711
|
| 998 |
f |
f |
|a TL681.A5 E2
|t 0
|l Remote Storage
|